000 00764nam a2200289Ia 4500
005 20260324142846.0
008 008 260324s9999 xx 000 0 eng d
020 _a9781003413745
037 _aEBOOK
040 _aCRL
040 _beng
040 _cCRL
041 _2eng
041 _aeng
084 _qCRL
100 _aIan R. H. Falloon; Marc Laporta; Grainne Fadden; Victor Graham-Hole
_91213498
245 0 _aManaging Stress in Families
245 0 _bCognitive and Behavioural Strategies for Enhancing Coping Skills
260 _bTaylor and Francis
260 _c1993
365 _a
365 _b150
856 _uhttp://www.taylorfrancis.com/books/9781003413745
942 _cEBOOK
999 _c1818205
_d1818205